01056 2200205 4500001002100000005001500021008004100036035002000077082000800097084001400105100001700119245004200136250000600178260003800184300001200222520058200234650001000816990001200826990001200838INLIS00000000000094620240531092803240531 1 ind  a0010-0524000181 a813 a813 RAT b aPande, Ratna1 aBersamamu Cinta Selalu /cRatna Pande a1 aYogyakarta :bSheila/ Andi,c2013 a192 hlm aMelly, Iren, Leon, Kamal, Toni, Carlo dan Erlan adalah sahabat sejak SMA. Bagi mereka persahabatan adalah segalanya. Karena itu, tabu bagi mereka untuk jatuh cinta pada sahabat sendiri. Namun tanpa diduga benih cinta tumbuh di hati Toni untuk Melly. Di lain pihak, juga ada Rey, anak tetangga Melly yang perfeksionis, yang menaruh hati pada Melly. Dihadapkan pada dua pilihan yang sulit, siapakah yang akan dipilih Melly? Apakah Melly akan melanggar janji persahabatannya dengan memilih Toni? Ataukah Melly akan memilih Rey dan tetap menjaga janjinya dengan sahabat-sahabatnya? 4aFiksi a0741646 a0741647